Southville International School and Colleges
Your cart is empty.
  • Cart
  • Lists
    Public lists Eva Luna New books Lux_list list_1
    Your lists Log in to create your own lists
  • Log in to your account
  • Your cookies
  • Search history
Southville International School and Colleges
  • Advanced search
  • Recent comments
  • Most popular
  • Libraries

Log in to your account

Log in with GOOGLE


If you do not have an external account, but do have a local account, you can still log in:

  1. Home
  2. MARC view: Malcolm X :
Normal view MARC view ISBD view

Malcolm X : (Record no. 360275)

[ view plain ]
MARC details
000 -LEADER
fixed length control field 00686nam a2200277Ia 4500
008 - FIXED-LENGTH DATA ELEMENTS--GENERAL INFORMATION
fixed length control field 181129s9999 xx 000 0 und d
020 ## - INTERNATIONAL STANDARD BOOK NUMBER
International Standard Book Number 9780590481090
050 ## - LIBRARY OF CONGRESS CALL NUMBER
Item number M996 1993
100 ## - MAIN ENTRY--PERSONAL NAME
Personal name Myers, Walter Dean
245 #0 - TITLE STATEMENT
Title Malcolm X :
245 #0 - TITLE STATEMENT
Remainder of title by any means necessary /
245 #2 - TITLE STATEMENT
Statement of responsibility, etc a biography by Walter Dean Myers.
260 ## - PUBLICATION, DISTRIBUTION, ETC. (IMPRINT)
Place of publication, distribution, etc New York, NY :
260 ## - PUBLICATION, DISTRIBUTION, ETC. (IMPRINT)
Name of publisher, distributor, etc Scholastic,
260 ## - PUBLICATION, DISTRIBUTION, ETC. (IMPRINT)
Date of publication, distribution, etc 1993
300 ## - PHYSICAL DESCRIPTION
Extent 210 pages :
300 ## - PHYSICAL DESCRIPTION
Other physical details illustrations ;
300 ## - PHYSICAL DESCRIPTION
Dimensions 19cm.
650 ## - SUBJECT ADDED ENTRY--TOPICAL TERM
Topical term or geographic name as entry element African Americans --
650 ## - SUBJECT ADDED ENTRY--TOPICAL TERM
Topical term or geographic name as entry element Black muslims --
650 ## - SUBJECT ADDED ENTRY--TOPICAL TERM
Topical term or geographic name as entry element X, Malcolm --
650 ## - SUBJECT ADDED ENTRY--TOPICAL TERM
General subdivision 1925-1965.
650 ## - SUBJECT ADDED ENTRY--TOPICAL TERM
General subdivision Biography.
650 ## - SUBJECT ADDED ENTRY--TOPICAL TERM
General subdivision Biography.
700 ## - ADDED ENTRY--PERSONAL NAME
Personal name Title.
Holdings
Withdrawn status Lost status Damaged status Home library Current library Shelving location Date acquired Total Checkouts Full call number Barcode Date last seen Price effective from Koha item type
      Stonyhurst Southville International School (Malarayat) Stonyhurst Southville International School (Malarayat)   11/29/2018   FIC M996 1993 SSISM6059 11/29/2018 11/29/2018 Books

Malcolm X :

APA

Myers W. D., Title, .Malcolm X. New York, NY: .

Chicago

Myers Walter Dean, Title, .Malcolm X. New York, NY: .

Harvard

Myers W. D., Title, .Malcolm X. New York, NY: .

MLA

Myers Walter Dean, Title, .New York, NY: . .

  • Place hold
  • Print
  • Cite
  • Add to your cart (remove)
  • Save record
    BIBTEX Dublin Core MARCXML MARC (non-Unicode/MARC-8) MARC (Unicode/UTF-8) MARC (Unicode/UTF-8, Standard) MODS (XML) RIS
  • More searches
    Search for this title in:
    Other Libraries (WorldCat) Other Databases (Google Scholar) Online Stores (Bookfinder.com) Open Library (openlibrary.org)

Exporting to Dublin Core...

SOUTHVILLE LIBRARY

Southville International School and Colleges Library

1281 Tropical Ave. Cor. Luxembourg St., BF Homes International, Las Pinas City

Tel. No. 8256374 / 252358 Loc. 117/146

Powered by Koha